00543 2200193 4500001002100000005001500021035002000036007000300056008004100059020002200100082001100122084001700133100002400150245007200174250000600246260004400252300003300296650002000329INLIS00000000000412620251208120125 a0010-1225000012ta251208 d 0 ind  a978-623-00-1212-9 a155.25 a155.25 AHM s0 aAhmad Rifa'i Rif'an1 aSurat Cinta untuk Kekasih Sejatiku /cAhmad Rifa'i Rif'an (Penulis) a- aJakarta :bElex Media Komputindo,c2020 a217 Halaman :bteks ;c17 cm 4aMotivasi Islami